Tìm hiểu luật thanh tra: Có hiệu lực từ ngày 01-10-2004

Uloženo v:
Podrobná bibliografie
Hlavní autor: Trịnh Thị Thanh Hương
Médium: Kniha
Jazyk:Undetermined
Vydáno: Tp.Hồ Chí Minh Tổng Hợp Tp.Hồ Chí Minh 2004
Témata:
Tagy: Přidat tag
Žádné tagy, Buďte první, kdo otaguje tento záznam!
Thư viện lưu trữ: Trung tâm Học liệu Trường Đại học Cần Thơ
LEADER 00628nam a2200193Ia 4500
001 CTU_73794
008 210402s9999 xx 000 0 und d
020 |b 5500 
082 |a 352.83 
082 |b H561 
100 |a Trịnh Thị Thanh Hương 
245 0 |a Tìm hiểu luật thanh tra: Có hiệu lực từ ngày 01-10-2004 
245 0 |c Trịnh Thị Thanh Hương sưu tầm 
260 |a Tp.Hồ Chí Minh 
260 |b Tổng Hợp Tp.Hồ Chí Minh 
260 |c 2004 
650 |a public administration 
904 |i Mai Loan 
980 |a Trung tâm Học liệu Trường Đại học Cần Thơ